[Event "BAN-chT 1st League"]
[Site "Dhaka"]
[Date "2022.03.19"]
[Round "10.2"]
[White "Marzouq, Chowdhury"]
[Black "Muthaiah, Al"]
[Result "0-1"]
[WhiteElo "1885"]
[BlackElo "2403"]
[PlyCount "70"]
[EventDate "2022.03.10"]
[EventType "team-tourn"]
[EventRounds "11"]
[EventCountry "BAN"]
[SourceTitle "EXT 2023"]
[Source "ChessBase"]
[SourceDate "2022.10.05"]
[SourceVersion "1"]
[SourceVersionDate "2022.10.05"]
[SourceQuality "1"]
[WhiteTeam "Mir CC"]
[BlackTeam "Sultana Kamal Smirity Pathagar"]
[WhiteTeamCountry "BAN"]
[BlackTeamCountry "BAN"]

1. d4 d6 2. Nf3 Bg4 3. e3 Nf6 4. c4 Nbd7 5. Qb3 Bxf3 6. gxf3 Rb8 7. Nc3 g6 8. e4 Bg7 9. Be3 c5 10. d5 0-0 11. Be2 a6 12. a4 Re8 13. Qc2 e6 14. dxe6 Rxe6 15. Rd1 Ne5 16. b3 Nc6 17. Bxc5 Qa5 18. b4 Nxb4 19. Bxb4 Qxb4 20. 0-0 Qa5 21. Nd5 Nxd5 22. cxd5 Ree8 23. Rc1 Qd8 24. Kh1 Qh4 25. Rg1 Qxf2 26. Rg2 Qe3 27. a5 Be5 28. Bd1 Kg7 29. Be2 Rbc8 30. Qxc8 Rxc8 31. Rxc8 Qd2 32. Bf1 Qe1 33. Rg1 Bd4 34. Rc2 Bxg1 35. Kxg1 Qxa5 0-1

[Event "BAN-chT 1st League"]
[Site "Dhaka"]
[Date "2022.03.17"]
[Round "8.2"]
[White "Marzouq, Chowdhury"]
[Black "Dhulipalla, Bala Chandra Prasad"]
[Result "0-1"]
[WhiteElo "1885"]
[BlackElo "2422"]
[PlyCount "54"]
[EventDate "2022.03.10"]
[EventType "team-tourn"]
[EventRounds "11"]
[EventCountry "BAN"]
[SourceTitle "EXT 2023"]
[Source "ChessBase"]
[SourceDate "2022.10.05"]
[SourceVersion "1"]
[SourceVersionDate "2022.10.05"]
[SourceQuality "1"]
[WhiteTeam "Mir CC"]
[BlackTeam "Palli Sanchoy Bank"]
[WhiteTeamCountry "BAN"]
[BlackTeamCountry "BAN"]

1. d4 d5 2. Nf3 e6 3. Bf4 Nf6 4. e3 c5 5. c3 Nc6 6. Nbd2 cxd4 7. exd4 Nh5 8. Be3 Bd6 9. Ne5 g6 10. g4 Ng7 11. f4 f6 12. Nxc6 bxc6 13. Qf3 0-0 14. h4 e5 15. h5 Rb8 16. hxg6 hxg6 17. Rh6 exf4 18. Bxf4 f5 19. g5 Rxb2 20. Nc4 Re8+ 21. Ne5 Bxe5 22. dxe5 Kf7 23. Qh3 Qb6 24. Rxg6 Qf2+ 25. Kd1 Qc2+ 26. Ke1 Rxe5+ 27. Bxe5 Qd2# 0-1

[Event "Dhaka Al Mahmud Memorial"]
[Site "Dhaka"]
[Date "2022.02.06"]
[Round "2"]
[White "Marzouq, Chowdhury"]
[Black "Md, Sharif Hossain"]
[Result "0-1"]
[WhiteElo "1855"]
[BlackElo "2211"]
[PlyCount "58"]
[EventDate "2022.02.05"]
[EventType "swiss"]
[EventRounds "9"]
[EventCountry "BAN"]
[SourceTitle "CBM 206 Extra"]
[Source "ChessBase"]
[SourceDate "2022.03.31"]
[SourceVersion "1"]
[SourceVersionDate "2022.03.31"]
[SourceQuality "1"]

1. d4 d5 2. c4 c6 3. Nc3 Nf6 4. e3 e6 5. Nf3 Nbd7 6. Be2 Bd6 7. 0-0 0-0 8. b3 b6 9. Bb2 Re8 10. Bd3 e5 11. dxe5 Nxe5 12. h3 Nxd3 13. Qxd3 Ba6 14. Rfd1 Qe7 15. Nd4 Bc7 16. Qf5 Bc8 17. Qf3 Qd6 18. cxd5 Qh2+ 19. Kf1 Ba6+ 20. Ke1 Nxd5 21. Nxd5 cxd5 22. Nf5 Be5 23. Bxe5 Qxe5 24. Rac1 Rad8 25. Rd4 Bc8 26. Rf4 d4 27. Nxd4 g5 28. Rxf7 Qxd4 29. Rcc7 Qa1+ 0-1

[Event "Dhaka Sheikh Russel op"]
[Site "Dhaka"]
[Date "2021.10.20"]
[Round "2"]
[White "Md, Sharif Hossain"]
[Black "Marzouq, Chowdhury"]
[Result "1-0"]
[WhiteElo "2117"]
[BlackElo "1815"]
[PlyCount "61"]
[EventDate "2021.10.19"]
[EventType "swiss"]
[EventRounds "9"]
[EventCountry "BAN"]
[SourceTitle "CBM 204 Extra"]
[Source "ChessBase"]
[SourceDate "2021.11.30"]
[SourceVersion "1"]
[SourceVersionDate "2021.11.30"]
[SourceQuality "1"]

1. e4 c5 2. Nf3 d6 3. d4 cxd4 4. Nxd4 Nf6 5. Nc3 g6 6. Be3 Bg7 7. f3 0-0 8. Qd2 Nc6 9. 0-0-0 d5 10. Kb1 e5 11. Nxc6 bxc6 12. exd5 cxd5 13. Nxd5 Nxd5 14. Qxd5 Qc7 15. Qxa8 Bf5 16. Qxf8+ Kxf8 17. Bd3 Be6 18. Bc1 f5 19. Rhe1 Qa5 20. c4 Qb4 21. Bd2 Qc5 22. a3 a5 23. Be3 Qc7 24. Bf1 Qb8 25. Rd2 Bf6 26. Bc5+ Kf7 27. Bd6 Qb3 28. Bxe5 Bxe5 29. Rxe5 f4 30. Bd3 a4 31. Rb5 1-0

[Event "Dhaka Sheikh Hasina op"]
[Site "Dhaka"]
[Date "2021.09.21"]
[Round "3"]
[White "Ghosh, Chanchal Kumer"]
[Black "Marzouq, Chowdhury"]
[Result "1-0"]
[WhiteElo "2001"]
[BlackElo "1801"]
[PlyCount "165"]
[EventDate "2021.09.19"]
[EventType "swiss"]
[EventRounds "9"]
[EventCountry "BAN"]
[SourceTitle "CBM 204 Extra"]
[Source "ChessBase"]
[SourceDate "2021.11.30"]
[SourceVersion "1"]
[SourceVersionDate "2021.11.30"]
[SourceQuality "1"]

1. e4 c5 2. Nf3 d6 3. b3 Nf6 4. Nc3 e5 5. h3 Nc6 6. Bc4 Be6 7. Qe2 Qd7 8. Nd5 0-0-0 9. c3 Bxd5 10. exd5 Ne7 11. Ng5 Nexd5 12. Qf3 e4 13. Nxe4 Re8 14. 0-0 Rxe4 15. Bxd5 Re5 16. Bc4 d5 17. Bd3 Bd6 18. Bb2 Rhe8 19. a4 a6 20. Bc2 Ne4 21. d4 cxd4 22. cxd4 R5e6 23. Bd1 Kb8 24. Qd3 Rf6 25. Bg4 Qc7 26. Bf3 Rh6 27. Rfe1 f5 28. Rac1 Bh2+ 29. Kf1 Qf4 30. Rc2 Rhe6 31. Ree2 Qh4 32. Bc3 g5 33. Be1 Bd6 34. b4 g4 35. Bxe4 fxe4 36. Qb3 gxh3 37. Qxh3 Qxh3 38. gxh3 Rg8 39. Re3 Bf4 40. Rb3 e3 41. Re2 Rf6 42. b5 axb5 43. Rxb5 Rgf8 44. a5 Ka8 45. Ra2 Rg6 46. Rab2 Bh2 47. R5b3 Rg1+ 48. Ke2 exf2 49. Bxf2 Rg7 50. Re3 Rff7 51. Re8+ Ka7 52. Be3 Bf4 53. Rb5 Bxe3 54. Rxe3 Rg5 55. Kd3 Ka6 56. Rc5 b6 57. Re6 Rg3+ 58. Ke2 Rxh3 59. Rxb6+ Ka7 60. Rxd5 Ra3 61. Rbd6 Ra2+ 62. Kd3 Ra3+ 63. Ke4 Raf3 64. Rd7+ Ka6 65. Rxf7 Rxf7 66. Ke5 Rf1 67. Rc5 h5 68. d5 h4 69. d6 h3 70. Rc6+ Kxa5 71. Rc2 Re1+ 72. Kf6 Rf1+ 73. Ke7 Kb6 74. d7 Re1+ 75. Kd8 Ra1 76. Re2 Rg1 77. Ke8 Rg8+ 78. Kf7 Rh8 79. Re8 Rh7+ 80. Ke6 Rh6+ 81. Ke5 Rh5+ 82. Kf4 h2 83. d8Q+ 1-0

[Event "Dhaka Walton op"]
[Site "Dhaka"]
[Date "2021.06.17"]
[Round "3"]
[White "Marzouq, Chowdhury"]
[Black "Md Jamal, Uddin"]
[Result "0-1"]
[WhiteElo "1780"]
[BlackElo "2074"]
[PlyCount "58"]
[EventDate "2021.06.15"]
[EventType "swiss"]
[EventRounds "9"]
[EventCountry "BAN"]
[SourceTitle "EXT 2022"]
[Source "ChessBase"]
[SourceDate "2021.10.06"]
[SourceVersion "1"]
[SourceVersionDate "2021.10.06"]
[SourceQuality "1"]

1. d4 d5 2. c4 c6 3. Nf3 Nf6 4. g3 e6 5. Bg2 dxc4 6. 0-0 Nd5 7. a4 b5 8. b3 cxb3 9. axb5 cxb5 10. Qxb3 a6 11. Ne5 f6 12. Nd3 Nc6 13. Nc3 Nxd4 14. Qb2 Nxc3 15. Bxa8 Ndxe2+ 16. Kg2 Qxd3 17. Be3 Be7 18. Bf3 b4 19. Rfe1 0-0 20. Bxe2 Bb7+ 21. Kh3 Qe4 22. Rg1 f5 23. Rae1 g5 24. g4 f4 25. Bb6 f3 26. Bd3 Qxd3 27. Rxe6 Rf6 28. Rxf6 Bxf6 29. Qxb4 Qg6 0-1

[Event "BAN-chT 1st League"]
[Site "Dhaka"]
[Date "2021.03.07"]
[Round "11.2"]
[White "Uten"]
[Black "Marzouq, Chowdhury"]
[Result "1-0"]
[WhiteElo "2048"]
[BlackElo "1682"]
[PlyCount "75"]
[EventDate "2021.02.25"]
[EventType "team-tourn"]
[EventRounds "11"]
[EventCountry "BAN"]
[SourceTitle "EXT 2022"]
[Source "ChessBase"]
[SourceDate "2021.10.06"]
[SourceVersion "1"]
[SourceVersionDate "2021.10.06"]
[SourceQuality "1"]
[WhiteTeam "Esoft Arena"]
[BlackTeam "Dhaka Knight's CC"]
[WhiteTeamCountry "BAN"]
[BlackTeamCountry "BAN"]

1. d4 d5 2. c4 c6 3. e3 Nf6 4. Nf3 e6 5. Nc3 Nbd7 6. Bd3 dxc4 7. Bxc4 b5 8. Bd3 Bd6 9. 0-0 0-0 10. Qc2 Bb7 11. Rd1 Qe7 12. e4 e5 13. d5 cxd5 14. exd5 Rac8 15. Bxb5 e4 16. Nd4 Qe5 17. g3 Qh5 18. Be2 Qh3 19. Nc6 Bxc6 20. dxc6 Rxc6 21. Bf1 Qh5 22. Bg2 Ne5 23. h4 Nf3+ 24. Bxf3 exf3 25. Qa4 Rfc8 26. Bg5 Rc4 27. Qa6 Qg4 28. Kh2 Be5 29. Qb5 Bxc3 30. bxc3 h6 31. Bxf6 gxf6 32. Rac1 Kg7 33. Rd3 R8c5 34. Qb7 Rf5 35. Re1 Rcf4 36. Rd7 Qh5 37. Rxf7+ Qxf7 38. Re7 1-0

[Event "Dhaka Borsho op"]
[Site "Dhaka"]
[Date "2021.01.16"]
[Round "9"]
[White "Marzouq, Chowdhury"]
[Black "Wadifa, Ahmed"]
[Result "1-0"]
[WhiteElo "1611"]
[BlackElo "1563"]
[PlyCount "39"]
[EventDate "2021.01.09"]
[EventType "swiss"]
[EventRounds "9"]
[EventCountry "BAN"]
[SourceTitle "CBM 200 Extra"]
[Source "ChessBase"]
[SourceDate "2021.03.31"]
[SourceVersion "1"]
[SourceVersionDate "2021.03.31"]
[SourceQuality "1"]

1. d4 d5 2. Bf4 e6 3. e3 Nf6 4. Nf3 c5 5. c3 Bd6 6. Bg3 Nc6 7. Nbd2 0-0 8. Bd3 Re8 9. Ne5 Qc7 10. f4 Ne7 11. Ndf3 Ne4 12. Bxe4 dxe4 13. Ng5 f6 14. Qh5 Rd8 15. Qxh7+ Kf8 16. Qh8+ Ng8 17. Nh7+ Ke7 18. Qxg7+ Ke8 19. Qxg8+ Ke7 20. Qf7# 1-0

[Event "Dhaka Borsho op"]
[Site "Dhaka"]
[Date "2021.01.11"]
[Round "4"]
[White "Md Emdadul, Haque"]
[Black "Marzouq, Chowdhury"]
[Result "1/2-1/2"]
[WhiteElo "2026"]
[BlackElo "1611"]
[PlyCount "157"]
[EventDate "2021.01.09"]
[EventType "swiss"]
[EventRounds "9"]
[EventCountry "BAN"]
[SourceTitle "CBM 200 Extra"]
[Source "ChessBase"]
[SourceDate "2021.03.31"]
[SourceVersion "1"]
[SourceVersionDate "2021.03.31"]
[SourceQuality "1"]

1. d4 d5 2. Bf4 c5 3. c3 Nc6 4. e3 Bf5 5. Nd2 Qb6 6. Qb3 c4 7. Qxb6 axb6 8. e4 Bxe4 9. Nxe4 dxe4 10. Bxc4 Rc8 11. Bb5 e6 12. Ne2 h6 13. h4 Nf6 14. a3 Be7 15. Ng3 0-0 16. Bxc6 bxc6 17. Be5 c5 18. 0-0-0 Ng4 19. Rd2 f5 20. Nf1 g5 21. g3 Rfd8 22. Ne3 Nxe5 23. dxe5 Rxd2 24. Kxd2 b5 25. hxg5 Bxg5 26. Ke2 c4 27. Nc2 Rc5 28. Rd1 Rxe5 29. Nb4 Kf7 30. Rd7+ Ke8 31. Rd1 Rc5 32. Ra1 Rc7 33. Nc2 e5 34. a4 bxa4 35. Rxa4 Rd7 36. Ne3 Bxe3 37. Kxe3 Rb7 38. Rxc4 Rxb2 39. Rc5 Kf7 40. Rxe5 Kf6 41. Rc5 Ra2 42. Rc6+ Kg5 43. Rc8 Rc2 44. c4 Rc3+ 45. Kd2 Rd3+ 46. Ke2 Ra3 47. c5 Ra2+ 48. Ke3 Ra3+ 49. Kd4 Kg4 50. Rf8 Ra2 51. Ke3 Ra3+ 52. Kd4 Ra2 53. c6 Rc2 54. Kd5 Rd2+ 55. Ke5 Rc2 56. Kd5 Rd2+ 57. Ke5 Rc2 58. Rg8+ Kf3 59. Kxf5 Rxc6 60. Ke5 Rc4 61. Rf8+ Ke2 62. Rf4 Kd3 63. Kf5 Rc5+ 64. Kg6 Rc6+ 65. Kh5 Re6 66. g4 Rd6 67. Rf8 Ke2 68. Rf4 Kd3 69. Kh4 Re6 70. Kg3 Rd6 71. Rf8 Re6 72. Kg2 Ke2 73. Kg3 Rd6 74. Rf4 Kd3 75. Kh4 Re6 76. Kh5 Ke2 77. Rf5 Kd3 78. Kh4 Ke2 79. Kg3 1/2-1/2

[Event "Dhaka Borsho op"]
[Site "Dhaka"]
[Date "2021.01.10"]
[Round "2"]
[White "Avik, Sarker"]
[Black "Marzouq, Chowdhury"]
[Result "1/2-1/2"]
[WhiteElo "2042"]
[BlackElo "1611"]
[PlyCount "40"]
[EventDate "2021.01.09"]
[EventType "swiss"]
[EventRounds "9"]
[EventCountry "BAN"]
[SourceTitle "CBM 200 Extra"]
[Source "ChessBase"]
[SourceDate "2021.03.31"]
[SourceVersion "1"]
[SourceVersionDate "2021.03.31"]
[SourceQuality "1"]

1. d4 d5 2. Bf4 c5 3. e3 Nc6 4. c3 Bf5 5. Nf3 Qb6 6. Qb3 c4 7. Qxb6 axb6 8. Na3 Ra5 9. Bc7 Ra6 10. Nxc4 dxc4 11. Bxc4 Ra8 12. Bxb6 e6 13. Bb5 Bd6 14. Nd2 Bc2 15. b3 Kf8 16. e4 Ba3 17. Nc4 Be7 18. Nd2 Ba3 19. Nc4 Be7 20. Nd2 Ba3 1/2-1/2

[Event "Dhaka Borsho op"]
[Site "Dhaka"]
[Date "2021.01.09"]
[Round "1"]
[White "Marzouq, Chowdhury"]
[Black "Zia, Tahsin Tajwar"]
[Result "1/2-1/2"]
[WhiteElo "1611"]
[BlackElo "2071"]
[PlyCount "118"]
[EventDate "2021.01.09"]
[EventType "swiss"]
[EventRounds "9"]
[EventCountry "BAN"]
[SourceTitle "CBM 200 Extra"]
[Source "ChessBase"]
[SourceDate "2021.03.31"]
[SourceVersion "1"]
[SourceVersionDate "2021.03.31"]
[SourceQuality "1"]

1. d4 d6 2. Nf3 Nf6 3. Nbd2 Bf5 4. e3 g6 5. b3 Bg7 6. Bb2 0-0 7. Be2 Nc6 8. a3 e5 9. dxe5 Nd7 10. 0-0 dxe5 11. e4 Bg4 12. h3 Bxf3 13. Nxf3 Nc5 14. Qd5 Qe7 15. Qc4 Ne6 16. a4 Rfd8 17. Ba3 Qf6 18. c3 Nf4 19. Rfe1 a6 20. b4 Rd7 21. Rad1 Rxd1 22. Bxd1 b5 23. Qf1 Nd8 24. g3 Nfe6 25. Nh2 h5 26. Bc1 c6 27. Qd3 Qe7 28. Nf3 Nb7 29. Bb3 Rd8 30. Qe2 Bf6 31. h4 Rd7 32. Rd1 Nbd8 33. Rxd7 Qxd7 34. axb5 axb5 35. Be3 Qe7 36. Ne1 Ng7 37. Qa2 Qd7 38. Qe2 Nde6 39. Nd3 Qd8 40. Kg2 Qc7 41. Kg1 Be7 42. Qa2 Kh7 43. Qe2 Bd6 44. Kh1 Qd8 45. Kg1 Qa8 46. Qb2 Qe8 47. Qe2 f5 48. exf5 gxf5 49. Bc5 Bxc5 50. bxc5 e4 51. Bxe6 Nxe6 52. Nf4 Nxf4 53. gxf4 Qg6+ 54. Kf1 Qg4 55. Qd2 Qh3+ 56. Ke1 Qh1+ 57. Ke2 Qf3+ 58. Ke1 Qh1+ 59. Ke2 Qf3+ 1/2-1/2